00944nam a2200265 a 4500999001500000008004100015040001200056041000800068044000700076082002500083100003100108245005200139260004700191300004300238490004100281502008800322650001200410650001900422655004000441700002900481852000700510904001300517942000700530952014100537 c2361d2361200312s2018 ii adb|g m|||a00| 0 eng d aKObeng0 aeng aii04223a378.242bIRM17231 aSharma, NikhileResearcher10aAir Cargo Operations and Unitization of Cargo / aKochi :bIndian Maritime University,c2018 a 64 p. :bill., charts, maps ;c29 cm.0 aMBA Internship 2017-19 ;v1705305023 aInternship (MBA)–Indian Maritime University. School of Maritime Management, 2019. 0aAirdrop 0aCargo handling 72lcshaDissertations, Academicy20181 aSreejith, U.cDr.eGuide aKO aReshma_R cTH 00102ddc406378_242000000000000_IRM1723708IRM96548aKObKOcREFd2018-06-25l1o378.242 IRM1723pTH0325r2024-08-29s2024-08-29yTH